Search the Library Catalogue
| 000 -LEADER | |
|---|---|
| fixed length control field | 00349nam a22001217a 4500 |
| 008 - FIXED-LENGTH DATA ELEMENTS--GENERAL INFORMATION | |
| fixed length control field | 250728b |||||||| |||| 00| 0 eng d |
| 020 ## - INTERNATIONAL STANDARD BOOK NUMBER | |
| ISBN | 9780792364559 |
| Paper back/Hardbound | hbk |
| 082 ## - DEWEY DECIMAL CLASSIFICATION NUMBER | |
| Classification number | 507.1 |
| Item number | ABE.10 |
| 100 ## - MAIN ENTRY--AUTHOR NAME | |
| Personal name | Sandra K.abell |
| 245 ## - TITLE STATEMENT | |
| Title | Science Teacher Education |
| Sub Title | : an international perspective |
| Statement of responsibility, etc | Sandra K.abell |
| 942 ## - ADDED ENTRY ELEMENTS (KOHA) | |
| Koha item type | English Books |
| Withdrawn status | Lost status | Damaged status | Not for loan | Home library | Current library | Shelving location | Date acquired | Full call number | Accession Number | Price effective from | Koha item type |
|---|---|---|---|---|---|---|---|---|---|---|---|
| Anna Centenary Library | Anna Centenary Library | 5TH FLOOR, A WING | 28.07.2025 | 507.1 ABE.10 | 301153 | 28.07.2025 | English Books |